| 000 | 01060nam a22003617a 4500 | ||
|---|---|---|---|
| 003 | OSt | ||
| 005 | 20260506073850.0 | ||
| 007 | ta | ||
| 008 | 260506s2023 ag ||||| |||| 00| 0 spa d | ||
| 020 | _a9789878949161 | ||
| 040 | _ccj catamarca | ||
| 082 | _a343.1 V297 | ||
| 100 | 1 | 0 |
_9328 _aVargas, Nicolas Omar |
| 245 | 1 | 0 | _aNe bis in idem y juicio de reenvio |
| 250 | _a1º ed. | ||
| 260 |
_aCABA: _bDidot, _c2023 |
||
| 300 |
_a254 p. _c23 cm |
||
| 490 | _aTesis doctorales | ||
| 500 | _aINVENTARIO Nº 8172 | ||
| 650 | 7 | _2SAIJ | |
| 653 | _aDERECHO PROCESAL PENAL | ||
| 653 | _aGARANTIAS-PROCESO PENAL | ||
| 653 | _aGARANTIAS-NE BIS IN IDEM | ||
| 653 | _aNO BIS IN IDEM-NE BIS IN IDEM | ||
| 653 | _aNE BIS IN IDEM-REQUISITOS | ||
| 653 | _aNE BIS IN IDEM-APLICACION | ||
| 653 | _aNE BIS IN IDEM-JUICIO DE REENVIO | ||
| 653 | _aJUICIO POR JURADOS-RECURSO | ||
| 653 | _aSEGUNDA PERSECUCION | ||
| 653 | _aJURISPRUDENCIA | ||
| 856 | _uhttps://drive.google.com/file/d/1iII5_d6VhhK34ajKu-cpHQW4wKVFKVR9/view?usp=sharing | ||
| 942 |
_2ddc _cBK _n0 |
||
| 999 |
_c6542 _d6542 |
||